| 000 | 00567nam a22002177a 4500 | ||
|---|---|---|---|
| 003 | UA-OsUOA | ||
| 001 | 44687 | ||
| 007 | ta | ||
| 008 | 20101216b un ||||| |||| 00| 0 ukr d | ||
| 100 | _aКармазин-Каковський В. | ||
| 090 |
_a09.-7 _bК24 |
||
| 942 | _cBK | ||
| 040 |
_aUA-OsUOA _bukr _cUA-OsUOA _dUA-OsUOA |
||
| 245 | _aМистецтво української книжки (ілюстрації) | ||
| 955 | _a1 | ||
| 041 | _aukr | ||
| 080 | _a09.-7 | ||
| 260 | _c1984 | ||
| 650 | 7 |
_a0 Загальний відділ. _2UDC |
|
| 999 |
_c424788 _d424788 |
||